| 000 | 00845nam a2200229 i 4500 | ||
|---|---|---|---|
| 001 | 183399 | ||
| 003 | ES-MaACL | ||
| 005 | 20250927115143.0 | ||
| 008 | 140415s1912 it | |||| ||ita d | ||
| 245 | 0 | 0 |
_aNovellieri minori del Cinquecento / _cG. Parabosco, S. Erizzo ; a cura di Giuseppe Gigli e Fausto Nicolini. |
| 260 |
_aBari : _bGius. Laterza & Figli, _c1912. |
||
| 300 |
_a449 p. ; _c22 cm. |
||
| 490 | 1 |
_aScrittori d'Italia ; _v40 |
|
| 505 | 8 | _aContiene: I diporti / di Girolamo Parabosco -- Le sei giornate / di Sebastiano Erizzo | |
| 700 | 1 |
_aNicolini, Fausto. _985597 |
|
| 700 | 1 |
_aParabosco, Girolamo, _dca. 1524-1557 _9154712 |
|
| 700 | 1 |
_aErizzo, Sebastiano. _9154713 |
|
| 700 | 1 |
_aGigli, Giuseppe. _9154714 |
|
| 830 | 0 | 0 |
_aScrittori d'Italia _v40 _9191925 |
| 852 |
_aES-MaACL _jG-3741 |
||
| 999 |
_c183399 _d183399 |
||